Hodnotenie vplyvu liberalizácie vstupu dodávateľov energií na podnikateľský sektor Slovenskej republiky diplomová práca
Enregistré dans:
| Auteur principal: | |
|---|---|
| Format: | Livre |
| Langue: | slovaque |
| Publié: |
Bratislava
STU FCHPT
2016
|
| Accès en ligne: | Voir à l'OPAC |
| Tags: |
Pas de tags, Soyez le premier à ajouter un tag!
|
MARC
| LEADER | 00000nam a2200000 a 4500 | ||
|---|---|---|---|
| 005 | 20260127134307.0 | ||
| 008 | 160802 2016 000 0 slo d | ||
| 035 | |a vtls011570689 | ||
| 039 | 9 | |y 201608021138 |z mschk03 | |
| 040 | |a STUSCHK1 |b slo |c STUSCHK1 |e AACR2 | ||
| 100 | 1 | |a Romanová, Paulína | |
| 245 | 1 | |a Hodnotenie vplyvu liberalizácie vstupu dodávateľov energií na podnikateľský sektor Slovenskej republiky |b diplomová práca |c Paulína Romanová | |
| 260 | |a Bratislava |b STU FCHPT |c 2016 | ||
| 300 | |a 80 s. |b il. |c 25 cm | ||
| 500 | |a Študijný program: Riadenie technologických procesov v chémii a potravinárstve | ||
| 500 | |a Študijný odbor: Chemické technológie | ||
| 500 | |a Školiace pracovisko: ÚM - Odd. manažmentu chemických a potravinárskych technológií | ||
| 500 | |a Evid. číslo: FCHPT-20355-45000 | ||
| 910 | |a SCHK95 | ||
| 999 | |c 9020 |d 9020 | ||